| 000 | 00470nam a2200157 i 4500 | ||
|---|---|---|---|
| 001 | 26201 | ||
| 003 | ES-MaACL | ||
| 005 | 20230906153412.0 | ||
| 007 | t| | ||
| 008 | 030108s1947 it ||||1| ita d | ||
| 100 | 1 |
_aArosio, Giovanni. _923165 |
|
| 245 | 1 | 3 |
_aLa progettazione di costruzioni in cemento armato / _cGiovanni Arosio. |
| 260 |
_aMilano : _bUlrico Hoepli, _c1947 ( _fStucchi) |
||
| 300 |
_aXIV, 560 p. : _bil. ; _c25 cm. |
||
| 852 |
_aES-MaACL _jC-4966 _bR.25263 |
||
| 999 |
_c26201 _d26201 |
||